Normal view
MARC view
- Pocahontas
Entry Topical Term
001 - CONTROL NUMBER
- control field: 111591
003 - CONTROL NUMBER IDENTIFIER
- control field: NUST
005 - DATE AND TIME OF LATEST TRANSACTION
- control field: 20230330115133.0
008 - FIXED-LENGTH DATA ELEMENTS
- fixed length control field: 230330|| aca||aabn | a|a d
040 ## - CATALOGING SOURCE
- Original cataloging agency: NUST
- Transcribing agency: NUST
150 ## - HEADING--TOPICAL TERM
- Topical term or geographic name entry element: Pocahontas
670 ## - SOURCE DATA FOUND
- Source citation: Work cat.: (NUST)186115: Garnett, David, 111590, Pocahontas :, 1958 [c1933]
